000 00452nam a22001697a 4500
005 20250211152146.0
008 250211b |||||||| |||| 00| 0 eng d
020 _a9781119028758
082 _a005.84
_bKOR-A
100 _aJoret, Joxean
245 _aThe Antivirus Hacker's Handbook /
_cJoxean Koret
260 _aUSA:
_bElsevier;
_c2015.
300 _axiv, 358 p. :
_bill;
_c24 cm.
500 _ainclude index.
650 _aSecurity
999 _c36850
_d36850